Wyrazy zakończone na -rząd - Statystyki

Ogólne statystyki
  • Ten quiz został rozwiązany 195 razy
  • Średni wynik to 6 z 15
Statystyki odpowiedzi
Hint Odpowiedź % Poprawnych
4-literowe rząd
95%
5-literowe urząd
78%
6-literowe narząd
69%
6-literowe zarząd
62%
7-literowe rozrząd
53%
7-literowe podrząd
51%
8-literowe przyrząd
49%
7-literowe nierząd
46%
7-literowe nadrząd
35%
8-literowe samorząd
28%
7-literowe dwurząd
7%
8-literowe trójrząd
6%
7-literowe bezrząd
5%
9-literowe współrząd
4%
10-literowe międzyrząd
3%
Nie znaleziono quizów pasujących do podanych kryteriów
Rozkład punktacji
Procent ludzi z każdym wynikiem
Percentyl według liczby udzielonych odpowiedzi
Twoja historia wyników
Nie rozwiązałeś tego quizu